000 00969nam a2200265Ia 4500
005 20220317001509.0
008 161108s2010 sp j 000 j spa
020 _a9788472905047
100 1 _aCía Abascal, Amaia
245 1 0 _aMargarita quiere fabricar montañas
_cescrito por Amaia Cía Abascal ; ilustrado por Mabel Piérola ; prólogo de Araceli Segarra
250 _aPrimera edición
264 _aBarcelona
_bBellaterra
_c[2010]
300 _a31 páginas
_bilustraciones a color
_c33 cm.
336 _atexto
_btxt
_2rdacontent
337 _asin mediación
_bn
_2rdamedia
338 _avolumen
_bnc
_2rdacarrier
650 1 4 _2LEMB
_aCuentos infantiles españoles
650 1 4 _2LEMB
_aLiteratura infantil española
650 1 4 _2LEMB
_aMontañas
_vCuento infantil
650 1 4 _2LEMB
_aConservación de la naturaleza
_vCuento infantil
700 1 _aPiérola, Mabel
_9104770
942 _2loc
_cBKLIT
040 _aCO-BoRNBP
_bspa
_erda
_cCO-BoRNBP
084 _aC CIA3
999 _c7164
_d7164